[Event "Sydney Open 2014"]
[Site "Sydney AUS"]
[Date "2014.04.23"]
[Round "1.5"]
[White "Qiu, Mengjie"]
[Black "Roy Chowdhury, Saptarshi"]
[Result "0-1"]
[WhiteTitle "WFM"]
[BlackTitle "GM"]
[WhiteElo "2083"]
[BlackElo "2491"]
[WhiteFideId "8606137"]
[BlackFideId "5002974"]
[EventDate "2014.04.23"]

1. e4 c5 2. Nf3 Nc6 3. Nc3 e5 4. Bc4 Be7 5. d3 d6 6. Nd2 Nf6 7. Nf1 Bg4 8. f3
Be6 9. Ne3 O-O 10. O-O Nd7 11. Ncd5 Bg5 12. a4 Nb6 13. Nxb6 Bxe3+ 14. Bxe3 Qxb6
15. Qd2 Rad8 16. a5 Qc7 17. Bxe6 fxe6 18. Ra3 Rf7 19. c3 Nxa5 20. b4 Nc6 21. b5
Nb8 22. Rxa7 Qb6 23. Qa2 Na6 24. Rxa6 bxa6 25. bxa6 Ra8 26. Ra1 Re7 27. Qc4 Rea7
28. d4 Rxa6 29. Rxa6 Qxa6 30. Qxe6+ Kh8 31. h3 exd4 32. cxd4 c4 33. Bf4 c3 0-1

[Event "Sydney Open 2014"]
[Site "Sydney AUS"]
[Date "2014.04.23"]
[Round "1.7"]
[White "Mallari, Donato"]
[Black "Johansen, Darryl K."]
[Result "0-1"]
[BlackTitle "GM"]
[WhiteElo "2033"]
[BlackElo "2400"]
[WhiteFideId "3215423"]
[BlackFideId "3200035"]
[EventDate "2014.04.23"]

1. e4 c5 2. Nf3 d6 3. d4 cxd4 4. Nxd4 Nf6 5. f3 e6 6. c4 Be7 7. Be3 a6 8. Be2 b6
9. Nc3 Bb7 10. O-O O-O 11. Qd2 Nbd7 12. Rfd1 Qc7 13. Rac1 Rac8 14. Bf1 Qb8 15.
Qf2 Rfe8 16. b3 Bd8 17. Kh1 Bc7 18. Nde2 Ba8 19. Bd4 Ne5 20. Qh4 Ng6 21. Qf2 Ne5
22. Qh4 Bc6 23. Be3 Ba8 24. Bd4 Bd8 25. Qf2 Kh8 26. Na4 Ned7 27. Nac3 Bc7 28.
Qh4 Rg8 29. Be3 Ne5 30. Bg5 Bd8 31. Ng3 Rc5 32. f4 Ng6 33. Qh3 Bb7 34. b4 Rxg5
35. fxg5 Nd7 36. Qh5 Be7 37. a3 Rc8 38. Be2 Nde5 39. Rf1 Kg8 40. Nf5 exf5 41.
exf5 Nf8 42. f6 Bd8 43. fxg7 Nfg6 44. Nd1 Be4 45. Rc3 Qb7 46. Kg1 Kxg7 47. Qh6+
Kg8 48. Ne3 b5 49. Bg4 Rxc4 50. Rxc4 bxc4 51. Qh3 Bxg5 52. Nf5 Nf4 53. Qe3 Nxg4 0-1

[Event "Sydney Open 2014"]
[Site "Sydney AUS"]
[Date "2014.04.23"]
[Round "1.8"]
[White "Izzat, Kanan"]
[Black "Puccini, Jack"]
[Result "1-0"]
[WhiteTitle "FM"]
[BlackTitle "CM"]
[WhiteElo "2383"]
[BlackElo "2088"]
[WhiteFideId "13405209"]
[BlackFideId "3213307"]
[EventDate "2014.04.23"]

1. d4 Nf6 2. c4 g6 3. Nc3 Bg7 4. e4 d6 5. Nf3 O-O 6. h3 e5 7. d5 a5 8. Be3 Na6
9. Be2 Nh5 10. g3 f5 11. exf5 gxf5 12. Ng5 f4 13. Nge4 fxe3 14. Bxh5 exf2+ 15.
Kf1 Bf5 16. Bf3 Qe8 17. Kg2 Qg6 18. Qe2 Bh6 19. Raf1 Nc5 20. Nxc5 dxc5 21. Be4
Bf4 22. Qd3 Kh8 23. Bxf5 Rxf5 24. Rxf2 Rg8 25. Rf3 Qh5 26. Ne4 b6 27. Rhf1 Rff8
28. Kh2 Qg6 29. Qe2 Bh6 30. Rf6 Qg7 31. Qh5 Rxf6 32. Rxf6 Bf4 33. Rf7 1-0

[Event "Sydney Open 2014"]
[Site "Sydney AUS"]
[Date "2014.04.23"]
[Round "1.9"]
[White "Chau, Bernard"]
[Black "Morris, James"]
[Result "0-1"]
[BlackTitle "IM"]
[WhiteElo "2018"]
[BlackElo "2377"]
[WhiteFideId "3214184"]
[BlackFideId "3205800"]
[EventDate "2014.04.23"]

1. d4 Nf6 2. c4 e6 3. Nc3 Bb4 4. g3 O-O 5. Bg2 c5 6. e3 cxd4 7. exd4 d5 8. cxd5
Bxc3+ 9. bxc3 exd5 10. Ne2 h6 11. O-O Nc6 12. Nf4 Bf5 13. Re1 Be4 14. Ba3 Re8
15. f3 Bf5 16. Bf1 Qa5 17. Bb2 Rxe1 18. Qxe1 Re8 19. Qd1 Qc7 20. Ba3 Na5 21. Rc1
g5 22. Nd3 Nc4 23. Qa4 Re3 24. Ne1 Nd2 25. Qb4 Rxe1 26. Rxe1 Nxf3+ 27. Kf2 Nxe1
28. Qf8+ Kh7 29. Be7 Ne4+ 30. Kg1 Bg6 31. c4 Qb6 32. Bc5 Qf6 0-1

[Event "Sydney Open 2014"]
[Site "Sydney AUS"]
[Date "2014.04.23"]
[Round "1.11"]
[White "Stead, Kerry"]
[Black "Lane, Gary W."]
[Result "0-1"]
[BlackTitle "IM"]
[WhiteElo "2013"]
[BlackElo "2362"]
[WhiteFideId "3202577"]
[BlackFideId "3203301"]
[EventDate "2014.04.23"]

1. d4 d5 2. e4 dxe4 3. Nc3 e5 4. Nge2 Bb4 5. Be3 exd4 6. Qxd4 Qxd4 7. Bxd4 Nf6
8. O-O-O Nbd7 9. Nb5 Ba5 10. Nxa7 O-O 11. Nb5 c6 12. Nd6 Bc7 13. Nxc8 Rfxc8 14.
Kb1 Ne5 15. g3 Re8 16. Bg2 Ned7 17. Rhe1 Re7 18. h3 Nd5 19. c4 N5b6 20. b3 f5
21. h4 Rae8 22. Bh3 g6 23. Nf4 Ne5 24. Re2 Rd8 25. Kc2 Nd3 26. Be3 Red7 27. Red2
Nxf4 28. gxf4 Rxd2+ 29. Rxd2 Rxd2+ 30. Kxd2 Nd7 31. h5 Nf6 32. hxg6 hxg6 33. b4
Nh5 34. Bf1 Nxf4 35. c5 Ne6 36. Bc4 Kf7 37. Bg5 Be5 38. Bd8 Bf6 39. Bc7 Ke7 40.
Bd6+ Kd7 41. Bb8 Bd4 42. a4 Bxf2 43. Be5 g5 44. Ke2 Bg1 45. a5 f4 46. a6 bxa6
47. Bxa6 Bd4 48. Bd6 f3+ 49. Ke1 e3 50. Bg3 Bc3+ 0-1

[Event "Sydney Open 2014"]
[Site "Sydney AUS"]
[Date "2014.04.23"]
[Round "2.5"]
[White "Roy Chowdhury, Saptarshi"]
[Black "Brown, Andrew"]
[Result "1-0"]
[WhiteTitle "GM"]
[BlackTitle "IM"]
[WhiteElo "2491"]
[BlackElo "2252"]
[WhiteFideId "5002974"]
[BlackFideId "3206513"]
[EventDate "2014.04.23"]

1. e4 e5 2. Nf3 Nc6 3. Bc4 Bc5 4. c3 d6 5. h3 Nf6 6. d3 h6 7. Nbd2 O-O 8. Bb3
Be6 9. Bc2 Qd7 10. Nf1 d5 11. Qe2 Nh7 12. Ng3 Bb6 13. O-O Rae8 14. Ba4 Qd6 15.
Nh4 Bd7 16. Bb3 Ne7 17. Kh1 Qf6 18. Nf3 c6 19. a4 Kh8 20. Be3 Qd6 21. Bxb6 axb6
22. d4 exd4 23. e5 Qc7 24. cxd4 Nf5 25. Bc2 Qc8 26. b4 Nxg3+ 27. fxg3 Bf5 28. g4
Bxc2 29. Qxc2 Qd8 30. a5 bxa5 31. bxa5 Ng5 32. Nxg5 Qxg5 33. a6 bxa6 34. Qxc6
Qe3 35. Rad1 f6 36. Rfe1 Qg3 37. e6 Qb3 38. Rb1 Qa2 39. Ra1 Qb3 40. e7 Rg8 41.
Qxa6 Qb4 42. Qa7 Kh7 43. Rab1 Qd2 44. Qc5 Qa2 45. Rbc1 Qb3 46. Rc3 Qb7 47. Qd6
Qb2 48. Ree3 Qb1+ 49. Kh2 Qb8 50. Rc7 Rc8 51. Rec3 Rxc7 52. Qxc7 Qb4 53. Qc5
Qb8+ 54. Kg1 Qb1+ 55. Kf2 Re8 56. Re3 Qb7 57. Kf3 Qd7 58. Qc2+ Kg8 59. Qf5 Qxf5+
60. gxf5 Kf7 61. Ke2 Rxe7 62. Rxe7+ Kxe7 63. Kd3 g6 64. fxg6 Kf8 65. Kc3 Kg7 66.
Kb4 Kxg6 67. Kc5 1-0

[Event "Sydney Open 2014"]
[Site "Sydney AUS"]
[Date "2014.04.23"]
[Round "2.6"]
[White "Mungunkhuu, Mijgee"]
[Black "Ly, Moulthun"]
[Result "0-1"]
[BlackTitle "IM"]
[WhiteElo "2215"]
[BlackElo "2440"]
[WhiteFideId "4900863"]
[BlackFideId "3204405"]
[EventDate "2014.04.23"]

1. d4 Nf6 2. Nf3 g6 3. e3 Bg7 4. Bd3 O-O 5. O-O c5 6. b3 cxd4 7. exd4 d5 8. Re1
Nc6 9. a3 Bg4 10. c3 Re8 11. Be2 Ne4 12. Nfd2 Bxe2 13. Rxe2 Nxd2 14. Rxd2 e5 15.
Bb2 Qb6 16. dxe5 Rxe5 17. c4 d4 18. Rd3 Rae8 19. Nd2 Re2 20. Rb1 Qa5 21. b4 Qf5
22. Nf3 R8e4 23. Rd2 Ne5 24. Rxe2 Rxe2 25. Kf1 d3 26. Bxe5 Bxe5 27. Rb3 Bd4 28.
Qxd3 Rxf2+ 29. Ke1 Qe6+ 30. Kd1 Bf6 31. g3 Kg7 32. a4 Qh3 33. Nd2 Qxh2 34. Qe3
Qh5+ 35. Kc2 Qf5+ 36. Rd3 Bg5 37. Qd4+ Kg8 38. Kc1 h5 39. a5 a6 40. c5 Re2 41.
Qd5 Bxd2+ 42. Rxd2 Re1+ 43. Kb2 Qb1+ 44. Ka3 Qa1+ 45. Qa2 Qc3+ 0-1

[Event "Sydney Open 2014"]
[Site "Sydney AUS"]
[Date "2014.04.23"]
[Round "2.7"]
[White "Johansen, Darryl K."]
[Black "Nakauchi, Gene"]
[Result "1-0"]
[WhiteTitle "GM"]
[BlackTitle "FM"]
[WhiteElo "2400"]
[BlackElo "2213"]
[WhiteFideId "3200035"]
[BlackFideId "3200698"]
[EventDate "2014.04.23"]

1. c4 c5 2. Nf3 Nf6 3. Nc3 e6 4. e3 Be7 5. d4 d5 6. cxd5 exd5 7. dxc5 Bxc5 8.
Be2 O-O 9. O-O Nc6 10. b3 Bg4 11. Bb2 Re8 12. Rc1 Bb6 13. Na4 Ne4 14. Nxb6 axb6
15. a4 Qd6 16. Nd4 Bxe2 17. Qxe2 Nxd4 18. Bxd4 Re6 19. Qg4 g6 20. h3 Nd2 21.
Rfd1 Nxb3 22. Rc3 Nxd4 23. Qxd4 Qd8 24. Rb3 Qe8 25. Qxd5 Qxa4 26. Qxb7 Qxb3 27.
Qxa8+ Kg7 28. Qa1+ Kh6 29. Rd4 g5 30. h4 Qb5 31. hxg5+ Qxg5 32. Rf4 Kg6 33. Rf3
Qe5 34. Qa7 Rf6 35. Rg3+ Kh6 36. Qa8 Rg6 37. Qf8+ Qg7 38. Rh3+ Kg5 39. f4+ Kg4
40. Qc8+ Re6 41. Kh2 Kf5 42. Qc2+ 1-0

[Event "Sydney Open 2014"]
[Site "Sydney AUS"]
[Date "2014.04.23"]
[Round "2.8"]
[White "Bao, Qilin"]
[Black "Izzat, Kanan"]
[Result "1/2-1/2"]
[BlackTitle "FM"]
[WhiteElo "2213"]
[BlackElo "2383"]
[WhiteFideId "8605750"]
[BlackFideId "13405209"]
[EventDate "2014.04.23"]

1. e4 c5 2. Nf3 e6 3. d3 Nc6 4. g3 g6 5. Bg2 Bg7 6. O-O Nge7 7. Re1 d6 8. Nbd2
O-O 9. h4 Qc7 10. a4 d5 11. Qe2 b6 12. e5 Nb4 13. Nf1 Ba6 14. Bf4 d4 15. Qd2
Ned5 16. Bg5 c4 17. dxc4 Bxc4 18. Rac1 Nc6 19. Nxd4 Nxe5 20. b3 Bxf1 21. Kxf1
Rac8 22. c4 Nf6 23. Nb5 Qb8 24. Nxa7 Nxc4 25. Rxc4 Rxc4 26. bxc4 Qxa7 27. Qb4
Nd7 28. Be3 Rc8 29. Qb5 Nc5 30. Bc6 Qc7 31. Bg2 Qd6 32. Kg1 Bd4 33. Bxd4 Qxd4
34. Qxb6 Qc3 35. Rd1 Nxa4 36. Rd8+ Rxd8 37. Qxd8+ Kg7 38. Qc7 Qa1+ 39. Kh2 Qd4
40. Qf4 e5 41. Qe3 Qxe3 42. fxe3 Kf6 43. Bc6 Nc5 44. Bd5 h6 45. Kh3 Nd3 46. Kg4
Ke7 47. e4 Nc5 48. Bc6 Ne6 49. Bd5 h5+ 50. Kf3 Kd6 51. g4 hxg4+ 52. Kxg4 f6 53.
h5 gxh5+ 54. Kxh5 Nc5 55. Kg6 Ke7 1/2-1/2

[Event "Sydney Open 2014"]
[Site "Sydney AUS"]
[Date "2014.04.23"]
[Round "2.10"]
[White "Zulfic, Fedja"]
[Black "Solomon, Stephen J."]
[Result "0-1"]
[BlackTitle "IM"]
[WhiteElo "2192"]
[BlackElo "2369"]
[WhiteFideId "3208427"]
[BlackFideId "3200043"]
[EventDate "2014.04.23"]

1. d4 d5 2. c4 e6 3. Nf3 Nf6 4. e3 Be7 5. Nbd2 O-O 6. Bd3 c5 7. a3 cxd4 8. exd4
Nc6 9. O-O b6 10. b4 dxc4 11. Nxc4 Bb7 12. Bb2 Nd5 13. g3 Rc8 14. Qe2 Bf6 15.
Rae1 g6 16. Nce5 Nce7 17. h4 Nc3 18. Bxc3 Rxc3 19. h5 Nf5 20. hxg6 hxg6 21. Nxg6
fxg6 22. Qxe6+ Kg7 23. Bxf5 gxf5 24. Ne5 Qxd4 0-1

[Event "Sydney Open 2014"]
[Site "Sydney AUS"]
[Date "2014.04.23"]
[Round "2.29"]
[White "Carolin-Unkovich, George"]
[Black "Stead, Kerry"]
[Result "0-1"]
[WhiteElo "1777"]
[BlackElo "2013"]
[WhiteFideId "3218546"]
[BlackFideId "3202577"]
[EventDate "2014.04.23"]

1. e4 g6 2. d4 Bg7 3. Nf3 c6 4. Bd3 d5 5. exd5 cxd5 6. h3 Nc6 7. Be3 h5 8. c4
Nh6 9. Nc3 dxc4 10. Bxc4 Nf5 11. Qb3 O-O 12. O-O-O Na5 13. Qb4 Nxc4 14. Qxc4 Be6
15. Qd3 Rc8 16. Kb1 Nd6 17. Ka1 Qa5 18. a3 Bf5 19. Qe2 Nc4 20. Bc1 Nxa3 21. bxa3
Rxc3 22. Bb2 Rfc8 23. Qd2 R8c6 24. Ka2 Qd5+ 25. Ka1 Rc2 26. Qe3 Be6 0-1

[Event "Sydney Open 2014"]
[Site "Sydney AUS"]
[Date "2014.04.24"]
[Round "3.5"]
[White "Ly, Moulthun"]
[Black "Smirnov, Anton"]
[Result "1-0"]
[WhiteTitle "IM"]
[BlackTitle "FM"]
[WhiteElo "2440"]
[BlackElo "2344"]
[WhiteFideId "3204405"]
[BlackFideId "3208923"]
[EventDate "2014.04.23"]

1. Nf3 Nf6 2. g3 g6 3. Bg2 Bg7 4. d4 d5 5. O-O c6 6. c4 dxc4 7. a4 Ne4 8. Qc2
Nd6 9. e4 Bg4 10. Ne5 Be6 11. Be3 O-O 12. Nd2 Na6 13. Qc3 f5 14. d5 Nf7 15. dxe6
Nxe5 16. Bd4 fxe4 17. Rad1 Qc7 18. Nxe4 c5 19. Bxe5 Bxe5 20. Qxc4 Bd4 21. Ng5
Rf6 22. Nf3 Raf8 23. Nxd4 cxd4 24. Rxd4 Qb6 25. b4 Kh8 26. a5 Qxe6 27. b5 Nb8
28. Qxe6 Rxe6 29. Bxb7 Re2 30. Re4 Rb2 31. Rxe7 Rxb5 32. Rc1 Rxa5 33. Rcc7 Rh5
34. Bf3 Rh6 35. Rxa7 g5 36. Be4 Rc8 37. Rxh7+ Rxh7 38. Rxh7+ Kg8 39. Ra7 Kh8 40.
Kg2 Rd8 41. Ra5 Rg8 42. Ra7 Rd8 43. Rh7+ 1-0

[Event "Sydney Open 2014"]
[Site "Sydney AUS"]
[Date "2014.04.24"]
[Round "3.6"]
[White "Zepeda, Lorena"]
[Black "Johansen, Darryl K."]
[Result "0-1"]
[WhiteTitle "WIM"]
[BlackTitle "GM"]
[WhiteElo "2162"]
[BlackElo "2400"]
[WhiteFideId "6700233"]
[BlackFideId "3200035"]
[EventDate "2014.04.23"]

1. e4 c5 2. Nf3 Nc6 3. d4 cxd4 4. Nxd4 Nf6 5. Nc3 d6 6. Bc4 e6 7. Be3 a6 8. Rg1
d5 9. exd5 exd5 10. Bd3 Bb4 11. Qd2 O-O 12. O-O-O Ng4 13. a3 Nxe3 14. fxe3 Be7
15. Nf3 Be6 16. Be2 Qb6 17. Nxd5 Bxd5 18. Qxd5 Qxe3+ 19. Qd2 Qb6 20. Bd3 Bf6 21.
c3 Rac8 22. Ng5 Na5 23. Qf4 g6 24. Rgf1 Rc6 25. Qh4 Qe3+ 0-1

[Event "Sydney Open 2014"]
[Site "Sydney AUS"]
[Date "2014.04.24"]
[Round "3.7"]
[White "Van Wely, Loek"]
[Black "Richards, Heather S"]
[Result "1-0"]
[WhiteTitle "GM"]
[BlackTitle "WIM"]
[WhiteElo "2685"]
[BlackElo "2148"]
[WhiteFideId "1000268"]
[BlackFideId "408697"]
[EventDate "2014.04.23"]

1. d4 Nf6 2. c4 d6 3. Nf3 g6 4. g3 Bg7 5. Bg2 O-O 6. O-O Nbd7 7. Nc3 e5 8. e4 c6
9. h3 Qa5 10. Re1 Qb4 11. Bf1 Re8 12. d5 cxd5 13. cxd5 Nc5 14. Nd2 Bf8 15. Bb5
Rd8 16. a3 Qa5 17. b4 Qc7 18. bxc5 Qxc5 19. Qf3 Bxh3 20. Nb3 Qc7 21. Bg5 Bg4 22.
Qe3 Bg7 23. f3 Bd7 24. Bxd7 Qxd7 25. Kg2 Rdc8 26. Rec1 Rc4 27. Nd1 Rac8 28. Qxa7
Qb5 29. Qe3 Rc2+ 30. Nf2 Nh5 31. Rxc2 Rxc2 32. Rc1 Rxc1 33. Nxc1 f6 34. Bh6 Nf4+
35. Bxf4 exf4 36. Qxf4 1-0

[Event "Sydney Open 2014"]
[Site "Sydney AUS"]
[Date "2014.04.24"]
[Round "3.10"]
[White "Bao, Qilin"]
[Black "Li, Zuhao Luke"]
[Result "1/2-1/2"]
[BlackTitle "FM"]
[WhiteElo "2213"]
[BlackElo "2326"]
[WhiteFideId "8605750"]
[BlackFideId "4303431"]
[EventDate "2014.04.23"]

1. e4 e5 2. Nc3 Nf6 3. g3 Bc5 4. Bg2 d6 5. h3 a6 6. d3 Nc6 7. Be3 Bxe3 8. fxe3
Ne7 9. Qf3 c6 10. Nge2 h5 11. d4 b5 12. a3 Qb6 13. Rd1 Ng6 14. Nc1 Ra7 15. b4
Re7 16. O-O Rh6 17. Qf2 Nh7 18. Nd3 Ng5 19. Kh2 h4 20. g4 Nf8 21. dxe5 dxe5 22.
Nc5 Qc7 23. Qd2 Nd7 24. Nd3 Nb6 25. Nc5 Nc4 26. Qe2 Ne6 27. a4 Nxc5 28. bxc5 Qa5
29. g5 Rh8 30. Nd5 cxd5 31. exd5 Qb4 32. d6 Rd7 33. axb5 axb5 34. Bc6 Qxc5 35.
Qf3 Rf8 36. Bxd7+ Bxd7 37. Rd5 Qc6 38. e4 Be6 39. Rd3 Nxd6 40. Rfd1 Nb7 41. Qf2
Ke7 42. c3 Rd8 43. Qxh4 Qc4 44. Qg3 Rxd3 45. Rxd3 Qxe4 46. Re3 Qc2+ 47. Kg1 Qc1+
48. Kh2 Qd2+ 49. Kg1 f6 50. gxf6+ gxf6 51. Qg7+ Bf7 52. Rf3 Qg5+ 53. Qxg5 fxg5
54. Rf5 Ke6 55. Rxg5 Nd6 56. Rg4 Kf5 57. Rg3 Bh5 58. h4 Ne4 59. Rg8 Be2 60. Rf8+
Ke6 61. Rc8 Bc4 62. h5 Kf6 63. h6 Kg6 64. Rc6+ Kh7 65. Kg2 Nxc3 66. Kg3 Ne2+ 67.
Kg4 Nd4 68. Rb6 e4 69. Kh5 Ne6 70. Rb7+ Kh8 71. Rb8+ Kh7 1/2-1/2

[Event "Sydney Open 2014"]
[Site "Sydney AUS"]
[Date "2014.04.24"]
[Round "3.11"]
[White "Bjelobrk, Igor"]
[Black "Setiawan, A."]
[Result "1-0"]
[WhiteTitle "IM"]
[WhiteElo "2355"]
[BlackElo "2169"]
[WhiteFideId "4300726"]
[BlackFideId "7100639"]
[EventDate "2014.04.23"]

1. Nf3 d5 2. c4 Nf6 3. cxd5 Nxd5 4. d4 g6 5. e4 Nb6 6. Be2 Bg7 7. O-O O-O 8. Be3
h6 9. Nc3 c6 10. Qd2 Be6 11. Bxh6 Nc4 12. Bxc4 Bxc4 13. Rfe1 Nd7 14. b3 Ba6 15.
Rad1 Nf6 16. h3 Qc7 17. e5 Nd5 18. Nxd5 cxd5 19. Rc1 Qb6 20. Qg5 Qe6 21. Qh4 f6
22. Bxg7 Kxg7 23. exf6+ Qxf6 24. Rxe7+ 1-0

[Event "Sydney Open 2014"]
[Site "Sydney AUS"]
[Date "2014.04.24"]
[Round "3.17"]
[White "Brown, Andrew"]
[Black "Stead, Kerry"]
[Result "0-1"]
[WhiteTitle "IM"]
[WhiteElo "2252"]
[BlackElo "2013"]
[WhiteFideId "3206513"]
[BlackFideId "3202577"]
[EventDate "2014.04.23"]

1. d4 g6 2. c4 c5 3. d5 Bg7 4. Nc3 Bxc3+ 5. bxc3 Qa5 6. Qc2 f5 7. g4 d6 8. Bg2
fxg4 9. h3 Nf6 10. hxg4 Bxg4 11. Rb1 b6 12. Bh6 Nbd7 13. f3 Bh5 14. Rb5 Qa6 15.
Nh3 Nxd5 16. Kf2 Nc7 17. Nf4 O-O-O 18. a4 e5 19. Nd5 Nxd5 20. cxd5 Kc7 21. Bh3
Nf6 22. Be6 e4 23. Bg7 Rhf8 24. Bxf6 Rxf6 25. Qxe4 Rdf8 26. Bg4 Bxg4 27. Qxg4 h5
28. Qe4 R8f7 29. Rg1 Qc8 30. Rxg6 Rf4 31. Qe6 Qd8 32. Ke1 Re7 33. Qh3 Rxa4 34.
Rb2 Qh8 35. Kd2 Qe5 36. e4 Qf4+ 37. Kc2 Ra1 38. Rb1 Ra2+ 39. Rb2 Rxb2+ 40. Kxb2
Qd2+ 41. Kb1 Qd1+ 42. Kb2 c4 43. Rg8 Qb3+ 44. Kc1 Qxc3+ 45. Kd1 Qb3+ 46. Ke2
Rxe4+ 0-1

[Event "Sydney Open 2014"]
[Site "Sydney AUS"]
[Date "2014.04.24"]
[Round "4.5"]
[White "Lane, Gary W."]
[Black "Ikeda, Junta"]
[Result "0-1"]
[WhiteTitle "IM"]
[BlackTitle "FM"]
[WhiteElo "2362"]
[BlackElo "2338"]
[WhiteFideId "3203301"]
[BlackFideId "3204731"]
[EventDate "2014.04.23"]

1. e4 c5 2. Nf3 e6 3. d4 cxd4 4. Nxd4 a6 5. Bd3 Bc5 6. Be3 d6 7. Nd2 Nf6 8. c3
O-O 9. O-O Nbd7 10. h3 Qc7 11. b4 Ba7 12. Rc1 b6 13. c4 Bb7 14. Bb1 Rac8 15. Ne2
Qb8 16. Nc3 Rfe8 17. Bd4 Rc7 18. Qb3 Qd8 19. Rfe1 Qe7 20. a4 Ba8 21. Be3 Rec8
22. f4 h6 23. Kh2 Kh8 24. Qc2 Rg8 25. Rf1 g5 26. Ne2 gxf4 27. Bxf4 b5 28. Qc3
bxc4 29. Bg3 e5 30. Qf3 Qe6 31. Nc3 Rcc8 32. Ba2 Rg6 33. Bh4 d5 34. Bxf6+ Nxf6
35. exd5 Nxd5 36. Nce4 f5 37. Qxf5 Rxg2+ 38. Kxg2 Ne3+ 0-1

[Event "Sydney Open 2014"]
[Site "Sydney AUS"]
[Date "2014.04.24"]
[Round "4.6"]
[White "Zulfic, Fedja"]
[Black "Izzat, Kanan"]
[Result "0-1"]
[BlackTitle "FM"]
[WhiteElo "2192"]
[BlackElo "2383"]
[WhiteFideId "3208427"]
[BlackFideId "13405209"]
[EventDate "2014.04.23"]

1. c4 c6 2. d4 Nf6 3. Nc3 d5 4. cxd5 cxd5 5. Bf4 Qb6 6. e3 Bg4 7. f3 Bf5 8. Bb5+
Nc6 9. Nge2 e6 10. O-O Be7 11. a3 O-O 12. Rc1 Rfc8 13. Rf2 Na5 14. g4 Bg6 15. b4
Nc4 16. Bxc4 Rxc4 17. Na4 Qc6 18. Nec3 Rc8 19. Qb3 a6 20. Rff1 b6 21. Bg3 h5 22.
h3 hxg4 23. hxg4 Bd6 24. Be1 Qb7 25. Nb2 R4c7 26. Bd2 b5 27. Kg2 Nd7 28. Ne2 Bc2
29. Qa2 e5 30. Rh1 Nf6 31. Rh3 e4 32. g5 exf3+ 33. Rxf3 Ne4 34. Be1 Nxg5 35. Rf2
Be4+ 0-1

[Event "Sydney Open 2014"]
[Site "Sydney AUS"]
[Date "2014.04.24"]
[Round "4.8"]
[White "Richards, Heather S"]
[Black "Solomon, Stephen J."]
[Result "0-1"]
[WhiteTitle "WIM"]
[BlackTitle "IM"]
[WhiteElo "2148"]
[BlackElo "2369"]
[WhiteFideId "408697"]
[BlackFideId "3200043"]
[EventDate "2014.04.23"]

1. e4 c5 2. c3 d6 3. d4 Nf6 4. dxc5 Nc6 5. Bc4 e6 6. Bg5 dxc5 7. Qxd8+ Kxd8 8.
Nd2 h6 9. Bxf6+ gxf6 10. f4 a6 11. a4 b6 12. Ne2 Bb7 13. O-O Bd6 14. f5 Ke7 15.
Nf4 Rad8 16. Rad1 Bxf4 17. Rxf4 Ne5 18. Rff1 Rxd2 19. Rxd2 Nxc4 20. Re2 e5 21.
Rf3 Rd8 22. Rh3 Rd1+ 23. Kf2 Nd6 24. Rxh6 Bxe4 25. g4 Bd3 26. Re3 Nc4 27. Reh3
e4 28. Rh8 Rd2+ 29. Ke1 Rxb2 30. Ra8 e3 0-1

[Event "Sydney Open 2014"]
[Site "Sydney AUS"]
[Date "2014.04.24"]
[Round "4.9"]
[White "Smirnov, Anton"]
[Black "Bao, Qilin"]
[Result "0-1"]
[WhiteTitle "FM"]
[WhiteElo "2344"]
[BlackElo "2213"]
[WhiteFideId "3208923"]
[BlackFideId "8605750"]
[EventDate "2014.04.23"]

1. e4 c5 2. Nf3 Nc6 3. d4 cxd4 4. Nxd4 Nf6 5. Nc3 d6 6. Bg5 e6 7. Qd2 a6 8.
O-O-O h6 9. Be3 Bd7 10. f3 Qc7 11. Kb1 Ne5 12. Nb3 b5 13. Qf2 Rb8 14. Bf4 Be7
15. Nc5 Bc8 16. Nd3 Nc4 17. e5 Nxe5 18. Bxe5 dxe5 19. Qg3 O-O 20. Qxe5 Bd6 21.
Qe3 Bb7 22. Ne4 Bxe4 23. fxe4 Rfc8 24. Rd2 Ng4 25. Qh3 Ne5 26. Nxe5 Bxe5 27. Bd3
Bxb2 0-1

[Event "Sydney Open 2014"]
[Site "Sydney AUS"]
[Date "2014.04.24"]
[Round "4.11"]
[White "Guo, Emma"]
[Black "Mu, Ke"]
[Result "0-1"]
[WhiteTitle "WIM"]
[WhiteElo "2022"]
[BlackElo "2325"]
[WhiteFideId "3200795"]
[BlackFideId "8602778"]
[EventDate "2014.04.23"]

1. d4 Nf6 2. c4 g6 3. Nc3 d5 4. e3 Bg7 5. cxd5 Nxd5 6. Nxd5 Qxd5 7. Ne2 O-O 8.
Nc3 Qd8 9. Be2 c6 10. O-O Be6 11. Qc2 Nd7 12. Rd1 Nb6 13. Na4 Nxa4 14. Qxa4 Bd5
15. Qc2 f5 16. b3 Kh8 17. Bb2 Qd6 18. Rac1 Qf6 19. Bc4 Rad8 20. Bxd5 Rxd5 21.
Qe2 Rfd8 22. Rc5 Qe6 23. Rxd5 Rxd5 24. Rd2 h6 25. h3 Qe4 26. Rc2 Kh7 27. Kh1 Rd7
28. f3 Qe6 29. Rd2 Qd6 30. Bc3 Qg3 31. e4 fxe4 32. Qxe4 Qg5 33. Qe6 Rd6 34. Qe2
Bf6 35. Qe4 Kg7 36. f4 Qg3 37. Rd3 Re6 38. Qf3 Qxf3 39. gxf3 Rd6 40. b4 Kf7 41.
Kg2 Ke6 42. Kg3 Kd5 43. a3 Re6 44. Bb2 Re2 45. Bc1 Kc4 46. Rd1 Bxd4 47. f5 gxf5
48. Bxh6 e5 0-1

[Event "Sydney Open 2014"]
[Site "Sydney AUS"]
[Date "2014.04.24"]
[Round "4.12"]
[White "Dale, Ari"]
[Black "Zepeda, Lorena"]
[Result "1-0"]
[WhiteTitle "IM"]
[BlackTitle "WIM"]
[WhiteElo "2310"]
[BlackElo "2162"]
[WhiteFideId "3213145"]
[BlackFideId "6700233"]
[EventDate "2014.04.23"]

1. d4 Nf6 2. c4 g6 3. Nc3 Bg7 4. e4 d6 5. Nf3 O-O 6. Be2 e5 7. Be3 Ng4 8. Bg5 f6
9. Bh4 c6 10. d5 c5 11. Nd2 Nh6 12. f3 a6 13. O-O Nd7 14. Rb1 g5 15. Bf2 f5 16.
b4 b6 17. bxc5 bxc5 18. Qa4 f4 19. Nb3 Nf6 20. Nxc5 dxc5 21. Bxc5 g4 22. Kh1 Nh5
23. Bf2 g3 24. Bg1 Qg5 25. Qc2 gxh2 26. Bf2 Rf6 27. Rfd1 Rg6 28. Bf1 Bh3 29. Be1
Kh8 30. c5 Ng8 31. d6 Ngf6 32. c6 Bh6 33. c7 Ng3+ 34. Bxg3 Qxg3 35. Rb8+ Rg8 36.
Rdb1 Nd7 37. Rxa8 Rxa8 38. Ne2 Qg8 39. gxh3 Bf8 40. Qc6 Qxa2 41. Rc1 1-0